000 00597nam a2200181Ia 4500
008 100921s9999 xx 000 0 und d
082 _b9216
_a808.068 थ 68
100 _aशिरवाडकर वसंत.
245 _aपारिजातक.
260 _bसोमय्या प्रकाशन,मुंबई.
_c1968
300 _a0
_b---
365 _b0.5
520 _aललित-बालवाङ्रमय.
630 _aपारिजातक.
650 _aललित-बालवाङ्रमय.
730 _aपारिजातक.
942 _cBOOK
999 _c758329
_d758326